<?xml version="1.0" encoding="UTF-8"?><?xml-stylesheet type="text/xsl" href="static/style.xsl"?><OAI-PMH xmlns="http://www.openarchives.org/OAI/2.0/" xmlns:xsi="http://www.w3.org/2001/XMLSchema-instance" xsi:schemaLocation="http://www.openarchives.org/OAI/2.0/ http://www.openarchives.org/OAI/2.0/OAI-PMH.xsd"><responseDate>2026-04-29T02:38:02Z</responseDate><request verb="GetRecord" identifier="oai:repisalud.isciii.es:20.500.12105/27123" metadataPrefix="marc">https://repisalud.isciii.es/rest/oai/request</request><GetRecord><record><header><identifier>oai:repisalud.isciii.es:20.500.12105/27123</identifier><datestamp>2026-01-11T01:16:41Z</datestamp><setSpec>com_20.500.12105_2052</setSpec><setSpec>com_20.500.12105_2051</setSpec><setSpec>col_20.500.12105_19609</setSpec></header><metadata><record xmlns="http://www.loc.gov/MARC21/slim" xmlns:dcterms="http://purl.org/dc/terms/" xmlns:doc="http://www.lyncode.com/xoai" xmlns:xsi="http://www.w3.org/2001/XMLSchema-instance" xsi:schemaLocation="http://www.loc.gov/MARC21/slim http://www.loc.gov/standards/marcxml/schema/MARC21slim.xsd">
   <leader>00925njm 22002777a 4500</leader>
   <datafield ind2=" " ind1=" " tag="042">
      <subfield code="a">dc</subfield>
   </datafield>
   <datafield ind2=" " ind1=" " tag="720">
      <subfield code="a">Valdezate, Sylvia</subfield>
      <subfield code="e">author</subfield>
   </datafield>
   <datafield ind2=" " ind1=" " tag="720">
      <subfield code="a">Medina-Pascual, Maria Jose</subfield>
      <subfield code="e">author</subfield>
   </datafield>
   <datafield ind2=" " ind1=" " tag="720">
      <subfield code="a">Rodríguez-García, César</subfield>
      <subfield code="e">author</subfield>
   </datafield>
   <datafield ind2=" " ind1=" " tag="720">
      <subfield code="a">Perez-Vazquez, Maria</subfield>
      <subfield code="e">author</subfield>
   </datafield>
   <datafield ind2=" " ind1=" " tag="720">
      <subfield code="a">Valiente, Mónica</subfield>
      <subfield code="e">author</subfield>
   </datafield>
   <datafield ind2=" " ind1=" " tag="720">
      <subfield code="a">Serrano, José</subfield>
      <subfield code="e">author</subfield>
   </datafield>
   <datafield ind2=" " ind1=" " tag="720">
      <subfield code="a">Rodríguez, Marta</subfield>
      <subfield code="e">author</subfield>
   </datafield>
   <datafield ind2=" " ind1=" " tag="720">
      <subfield code="a">De Toro, Inmaculada</subfield>
      <subfield code="e">author</subfield>
   </datafield>
   <datafield ind2=" " ind1=" " tag="720">
      <subfield code="a">Villalón, Pilar</subfield>
      <subfield code="e">author</subfield>
   </datafield>
   <datafield ind2=" " ind1=" " tag="260">
      <subfield code="c">2026-01</subfield>
   </datafield>
   <datafield ind2=" " ind1=" " tag="520">
      <subfield code="a">Objectives: Clostridium perfringens is one of the leading causes of food-borne outbreaks (FBO). This study explores the epidemiological and genomic features of a major FBO occurred in a Spanish school in 2023. Methods: Through genomic analysis, the virulence factors and relatedness of C. perfringens strains involved in a widespread gastroenteritis outbreak were identified RESULTS: The FBO had a unimodal epidemic curve, affecting 526 people. The likely source was the meat in Bolognese sauce. The clinical strains, which belonged to two different clonal lineages (ST-804/cgST-804 and ST5/cgST-801), carried a wide virulence profile with multiple toxins including CPA, enterotoxin CPE, cytolytic toxin CPB2, perfringolysin, collagenase A, clostripain, hyaluronidases (NagHIJKL) and sialidases (NanIHJ). FBO strains of C. perfringens type F carry the cpe gene on the chromosome rather than on a plasmid. However, during this outbreak, the cpe gene, encoding the CPE enterotoxin, was mobilized by a pCPF4969-like plasmid. Susceptibility to metronidazole and vancomycin was retained. Distinct phage repertoires were observed in both lineages. Conclusions: This is the first genomic study of a C. perfringens FBO in Spain, suggesting a multiple contamination sources in the same outbreak. The findings underscore substantial public health concerns related to food safety practices within large-scale user facilities.</subfield>
   </datafield>
   <datafield ind1="8" ind2=" " tag="024">
      <subfield code="a">Valdezate S, Medina-Pascual MJ, Rodríguez-García C, Pérez-Vázquez M, Valiente M, Serrano J, Rodríguez M, De Toro I, Villalón P. Beyond the plate: Genomic characterization of an extensive school Clostridium perfringens type F outbreak. Int J Infect Dis. 2026 Jan;162:108179. doi: 10.1016/j.ijid.2025.108179. Epub 2025 Nov 4. PMID: 41197860.</subfield>
   </datafield>
   <datafield ind1="8" ind2=" " tag="024">
      <subfield code="a">https://hdl.handle.net/20.500.12105/27123</subfield>
   </datafield>
   <datafield ind1="8" ind2=" " tag="024">
      <subfield code="a">41197860</subfield>
   </datafield>
   <datafield ind1="8" ind2=" " tag="024">
      <subfield code="a">10.1016/j.ijid.2025.108179</subfield>
   </datafield>
   <datafield ind1="8" ind2=" " tag="024">
      <subfield code="a">International Journal of Infectious Diseases</subfield>
   </datafield>
   <datafield tag="653" ind2=" " ind1=" ">
      <subfield code="a">Beta2 toxin</subfield>
   </datafield>
   <datafield tag="653" ind2=" " ind1=" ">
      <subfield code="a">Clostridium perfringens, Type F</subfield>
   </datafield>
   <datafield tag="653" ind2=" " ind1=" ">
      <subfield code="a">Food-borne diseases</subfield>
   </datafield>
   <datafield tag="653" ind2=" " ind1=" ">
      <subfield code="a">Outbreak</subfield>
   </datafield>
   <datafield tag="653" ind2=" " ind1=" ">
      <subfield code="a">Perfringolysin o</subfield>
   </datafield>
   <datafield tag="653" ind2=" " ind1=" ">
      <subfield code="a">Plasmid enterotoxin</subfield>
   </datafield>
   <datafield tag="653" ind2=" " ind1=" ">
      <subfield code="a">School</subfield>
   </datafield>
   <datafield ind2="0" ind1="0" tag="245">
      <subfield code="a">Beyond the plate: Genomic characterization of an extensive school Clostridium perfringens type F outbreak.</subfield>
   </datafield>
</record></metadata></record></GetRecord></OAI-PMH>